| LDR | | 00000nam c2200205 k 4500 |
| 001 | | 000000341247 |
| 005 | | 20260410095142 |
| 007 | | ta |
| 008 | | 260407s2014 ulkac r 001a kor |
| 020 | |
▼a 9788937886966
▼g 73300 :
▼c \15000 |
| 040 | |
▼a 248032
▼c 248032
▼d 248032 |
| 041 | 1 |
▼a kor
▼h eng |
| 049 | 0 |
▼l EM111856
▼l EM111857
▼c 2 |
| 056 | |
▼a 193
▼2 4 |
| 090 | |
▼a 193
▼b 샌24자 |
| 245 | 20 |
▼a (10대를 위한) 정의란 무엇인가 :
▼b 하버드대 마이클 샌델 교수의 정의 수업 /
▼d 마이클 샌델 원저;
▼e 신현주 글;
▼e 조혜진 그림 |
| 246 | 19 |
▼a Justice |
| 250 | |
▼a 초판 |
| 260 | |
▼a 서울 :
▼b 아이세움 :
▼b 미래엔,
▼c 2014 |
| 300 | |
▼a 213 p. :
▼b 천연색삽화, 초상 ;
▼c 23 cm |
| 500 | |
▼a 원저자명: Michael J. Sandel |
| 500 | |
▼a 감수: 김선욱 |
| 504 | |
▼a 색인 수록 |
| 653 | |
▼a 정의
▼a 청소년 교양 |
| 700 | 1 |
▼a 샌델, 마이클,
▼e 저 |
| 700 | 1 |
▼a 신현주,
▼e 글 |
| 700 | 1 |
▼a 조혜진,
▼e 그림 |
| 900 | 11 |
▼a Sandel, Michael J. |
| 900 | 11 |
▼a Sandel, Michael |
| 900 | 10 |
▼a 샌델, 마이클 J. |
| 950 | 0 |
▼b \15000 |
| 990 | |
▼a 관리자2
▼b 관리자2 |